Poemes de l'alquimista / Josep Palau i Fabre
Descripción Física:
220 p. ; 24 cm
Colección:
Llibres d'abril ; 5
MARC
| LEADER | 00000nam a2200000Ia 4500 | ||
|---|---|---|---|
| 001 | 11750 | ||
| 008 | 160829s9999 xx 000 0 cat d | ||
| 080 | |a L-1-60 | ||
| 100 | |a Palau i Fabre, Josep, |d 1917-2008 |9 20190 | ||
| 245 | |a Poemes de l'alquimista / Josep Palau i Fabre | ||
| 250 | |a Ed. definitiva | ||
| 260 | |a Barcelona : |b Diputació de Barcelona, DL 1997 | ||
| 300 | |a 220 p. ; |c 24 cm | ||
| 490 | |a Llibres d'abril ; 5 | ||
| 710 | 1 | |a Barcelona (Catalunya : Província). |b Diputació |9 52408 | |
| 901 | |a Arxiu | ||
| 942 | |n 1 | ||
| 952 | |0 0 |1 0 |4 0 |6 L160 |7 1 |9 43162 |a Arxiu |b Arxiu |d 2016-12-01 |l 0 |o L-1-60 |p 11750 |r 2016-12-01 00:00:00 |w 2016-12-01 |y ARXIU | ||
| 999 | |c 45706 |d 45706 | ||